Movies Quiz

Random Movies or Minefield Quiz

Avoid the 'T' Best Picture Winners Quiz Stats

Quiz Updated Feb 27, 2017

Challenge
Share
Tweet
Embed
Score 0/22 Timer 01:00
2 Plays Today
% Correct
A???
90.2%
R???
87.7%
O???
81%
MINES???
80.3%
S???
80.3%
G???
80.1%
N???
77.9%
I???
75.8%
C???
73.8%
E???
70.7%
L???
67.6%
% Correct
H???
67.6%
M???
62.5%
D???
57.2%
V???
54.9%
Y???
49.9%
U???
49%
B???
48.1%
K???
41.4%
W???
32.3%
F???
26.4%
P???
24.5%

You're not logged in!

Compare scores with friends on all Sporcle quizzes.
Sign Up with Email
OR
Log In

You Might Also Like...

Show Comments

Extras

Top Quizzes Today


Score Distribution

Your Account Isn't Verified!

In order to create a playlist on Sporcle, you need to verify the email address you used during registration. Go to your Sporcle Settings to finish the process.